[Event "Open Tournament For Novices #3"]
[Site "SchemingMind.com"]
[Date "2007.02.13"]
[Round "-"]
[White "Bacon"]
[Black "jhobeck"]
[Result "0-1"]
[WhiteCountry "BER"]
[BlackCountry "USA"]
[WhiteElo "1080"]
[WhiteRD "90"]
[BlackElo "1305"]
[BlackRD "71"]
[GameID "91939"]

1. e4 Nf6 2. Nc3 e5 3. Nf3 Nc6 4. d4 Bb4 5. Bg5 h6 6. Bxf6 Qxf6 7. a3 Ba5 8. d5 Ne7 9. b4 Bb6 10. a4 a6
11. a5 Ba7 12. Bc4 d6 13. b5 Bc5 14. Na4 Bg4 15. b6 cxb6 16. axb6 Bb4+ 17. Kf1 Rc8 18. Qb1 Bc3 19. Nxc3 Rxc4 20. Ra4 Rxc3
21. Nd2 Qf4 22. Qe1 O-O 23. g3 Re3 24. Qxe3 Qf6 25. c4 Bh3+ 26. Kg1 Qg5 27. Qxg5 hxg5 28. Nf3 g4 29. Ng5 f6 30. Ne6 Rc8
31. f4 exf4 32. Nxf4 Rc5 33. Kf2 f5 34. Ne6 Rc8 35. Re1 Ra8 36. Nc7 Rf8 37. e5 Nc8 38. e6 Nxb6 39. e7 Nxa4 40. Ke3 g5
41. Ne6 f4+ 42. Kd4 Re8 43. Nxg5 fxg3 44. hxg3 Bg2 45. Ne4 Rxe7 46. Re2 Bf3 47. Ra2 Rxe4+ 48. Kd3 Nc5+ 49. Kc3 Re3+ 50. Kb4 Rb3+
51. Ka5 b6#
0-1